000 00291nam a22001337a 4500
008 190305b xxu||||| |||| 00| 0 eng d
020 _a0808914944
041 _aeng
080 _a617
100 _a8
101 _aDER
245 _aOccupational Skin Disease
_cAdams, R.M
942 _2udc
_cBK
999 _c54574
_d54574